书目信息 |
| 题名: |
康美之恋
|
|
| 作者: | 赵志军 主编 | |
| 分册: | ||
| 出版信息: | 长沙 湖南文艺出版社 2013 |
|
| 页数: | 117页 | |
| 开本: | 30cm | |
| 丛书名: | ||
| 单 册: | ||
| 中图分类: | J647.12 | |
| 科图分类: | ||
| 主题词: | 萨克管--器乐曲--作品集--中国 | |
| 电子资源: | ||
| ISBN: | 978-7-5404-5647-4 | |
| 000 | 00724ncm0 2200241 450 | |
| 001 | 339830 | |
| 005 | 20150608155051.21 | |
| 010 | @a978-7-5404-5647-4@dCNY38.00 | |
| 100 | @a20130329d2013 em y0chiy50 ea | |
| 101 | 0 | @achi |
| 102 | @aCN@b430000 | |
| 105 | @ag z 000yy | |
| 106 | @ar | |
| 200 | 1 | @a康美之恋@Akang mei zhi lian@e流行萨克斯金曲选@f赵志军主编 |
| 210 | @a长沙@c湖南文艺出版社@d2013 | |
| 215 | @a117页@d30cm@e2光盘 | |
| 307 | @a附光盘:ISBN 978-7-88892-140-5 | |
| 517 | 1 | @a流行萨克斯金曲选@Aliu xing sa ke si jin qu xuan |
| 606 | 0 | @a萨克管@x器乐曲@x作品集@y中国 |
| 690 | @aJ647.12@v5 | |
| 701 | 0 | @a赵志军@Azhao zhi jun@c(音乐)@4主编 |
| 801 | 0 | @aCN@b卓展宏图@c20150525 |
| 905 | @dJ647.12@e174@f4 | |
| 康美之恋:流行萨克斯金曲选/赵志军主编.-长沙:湖南文艺出版社,2013 |
| 117页;30cm+2光盘 |
| ISBN 978-7-5404-5647-4:CNY38.00 |
| ● |
| 相关链接 |
|
|
|
|
正题名:康美之恋
索取号:J647.12/174
 
预约/预借
| 序号 | 登录号 | 条形码 | 馆藏地/架位号 | 状态 | 备注 |
| 1 | 864207 | 208642076 | 第一样本阅览室/ [索取号:J647.12/174] | 在馆 | |
| 2 | 864208 | 208642085 | 音乐系资料室/ [索取号:J647.12/174] | 在馆 | |
| 3 | 864209 | 208642094 | 第一借阅区/ [索取号:J647.12/174] | 在馆 | |
| 4 | 864210 | 208642101 | 第一借阅区/ [索取号:J647.12/174] | 在馆 |